00412nam a22001337a 450000500170000000800410001704100130005808200130007110000130008424500400009726000860013730000290022365000260025220240605125620.0240605b |||||||| |||| 00| 0 eng d aEnglish  a349 LAW  lEnglish  aThe Law Reports: Chancery Division  aLondon: bThe Incorporated Council of Law Reporting for England and Wales, c1983 bxv, 364 pages; c25 cm.  aLegal practice bLaw